Arsenic pollution study at Nitra-Krškany location as an example of line contamination

Identifikácia úrovne kontaminácie arzénom v lokalite rieky Nitra. Bola použitá analýza EcaFlow. Hodnotenie možnosti ďalšieho environmentálneho dopadu na iné systémy.

Guardado en:
Detalles Bibliográficos
Autor principal: Varga, Michal
Otros Autores: Kolenčík, Marek
Formato: Capítulo de libro
Lenguaje:inglés
Materias:
Etiquetas: Agregar Etiqueta
Sin Etiquetas, Sea el primero en etiquetar este registro!

MARC

LEADER 00000naa a2200000 4500
001 0227521
005 20231013070927.0
041 0 |a eng 
044 |a SK 
245 1 0 |a Arsenic pollution study at Nitra-Krškany location as an example of line contamination  |c Michal Varga, Marek Kolenčík 
520 |a Identifikácia úrovne kontaminácie arzénom v lokalite rieky Nitra. Bola použitá analýza EcaFlow. Hodnotenie možnosti ďalšieho environmentálneho dopadu na iné systémy. 
610 2 0 |a prostredie životné 
610 2 0 |a znečistenie prostredia životného 
610 2 0 |a znečistenie pôdy 
610 2 0 |a znečistenie vôd 
610 2 0 |a rieky 
100 1 |a Varga, Michal 
700 1 |a Kolenčík, Marek